000 00659nam a2200181Ia 4500
008 090124s9999 xx 000 0 und d
082 _b29734
_a4027
100 _aशहा विभा
245 _a मराठी ऐतिहासिक कादंबरी : एक अभ्यास
250 _a1
260 _c1998
300 _a337
600 _aशहा विभा
630 _a मराठी ऐतिहासिक कादंबरी : एक अभ्यास
700 _aशहा विभा
730 _a मराठी ऐतिहासिक कादंबरी : एक अभ्यास
942 _cBOOK
999 _c143216
_d143216